000 00614nam a2200181Ia 4500
003 LK-CoDNM
008 010623t1996 xxu||||| |||| 00| 1 sin d
040 _aLK-CoDNM
_dLK-CoDNM
_eLK-CoDNM
041 _asin
080 _a376.3
_bMEN
100 _aMendis, Padmini
245 _aආබාධතතා සංකල්ප හා ප්‍ර‍ජා මූලික පුනරුත්ථාපන ක්‍රියාවලිය
246 _aAabadhiththaa sankalpa haa prajaa muulika punaruththtpana kriyaavaliya
260 _bAuthor
_c1996
300 _b90, 21.5 cm
650 _aEducation
942 _cBK
999 _c117585
_d117585